000
nam a22 7a 4500
999
_c
47863
_d
47863
003
OSt
005
20190524103100.0
008
190524b xxu||||| |||| 00| 0 eng d
040
_c
IIMT UNIVERSITY
100
_a
ARULMOZHI- G.
245
_a
STATISTICS FOR MANAGEMENT
260
_a
NEW DELHI
_b
TMH PUB
_c
2009
300
_a
482
942
_2
ddc
_c
01